00634cam a2200217 450000100060000000300080000600500170001400800390003102000150007003500190008504000320010404100080013608200200014424500910016426000310025530000270028635000130031350400290032665100370035570000240039225591BD-RjUL20211209050912.0140318s1969 onc b 001 0 eng a0458903809 a(BD-RjUL)25661 aDLCcDLCdDLCdBD-RjULbeng aeng00a354.710008bBUR10aBureaucracy in Canadian government;bselected readings,cedited by W. D. K. Kernaghan. aToronto :bMethuen,c1969. aviii, 190 p. ;c23 cm. aunpriced aIncludes bibliographies. 0aCanadaxPolitics and government. aKernaghan, Kenneth,